Normal view
MARC view
Entry Personal Name
001 - CONTROL NUMBER
- control field: 4052
003 - CONTROL NUMBER IDENTIFIER
- control field: HDC
005 - DATE AND TIME OF LATEST TRANSACTION
- control field: 20230624073154.0
008 - FIXED-LENGTH DATA ELEMENTS
- fixed length control field: 210114|| aca||aabn | a|a d
040 ## - CATALOGING SOURCE
- Original cataloging agency: HDC
- Transcribing agency: HDC
100 ## - HEADING--PERSONAL NAME
- Personal name: Meier, Dietrich
670 ## - SOURCE DATA FOUND
- Source citation: Work cat.: (HDC): Meier, Dietrich author, Handbook of processed meats and poultry analysis : Chapter 6 , c2009.
